| 000 | 00754nam a2200277Ia 4500 | ||
|---|---|---|---|
| 008 | 171120s9999 xx 000 0 und d | ||
| 020 | _a9.7818423609e+012 | ||
| 050 | _a567.9 | ||
| 050 | _bP243 2007 | ||
| 100 | _aParker, Steve | ||
| 245 | _aDinosaurs / | ||
| 245 | _cby Steve Parker ; illustrated by Chris Buzer. | ||
| 260 | _aEssex : | ||
| 260 | _bMiles Kelly, | ||
| 260 | _c2007 | ||
| 300 | _a61 pages : | ||
| 300 | _bcolor illustrations ; | ||
| 300 | _c30cm. | ||
| 440 | _a1000 things you should know about. | ||
| 500 | _aIncludes index. | ||
| 650 | _aDinosaurs -- | ||
| 650 | _xMiscellanea -- Juvenile literature. | ||
| 700 | _aSeries : One thousand things you should know about. | ||
| 700 | _aSeries. | ||
| 700 | _aTitle. | ||
| 999 |
_c345081 _d345081 |
||